[Event "NAYCC U14 w"]
[Site "Kingston CAN"]
[Date "2019.08.16"]
[Round "1.148"]
[White "Shen, Isamel"]
[Black "D'Souza, Carina"]
[Result "0-1"]
[WhiteElo "1542"]
[BlackElo "1273"]
[PlyCount "80"]
[EventDate "2019.08.16"]
[EventType "swiss"]
[EventRounds "9"]
[EventCountry "CAN"]

1. e4 e5 2. Nf3 Nc6 3. Bb5 a6 4. Ba4 Nf6 5. O-O Be7 6. Re1 b5 7. Bb3 d6 8. c3
Na5 9. Bc2 O-O 10. d4 Nc6 11. Be3 Re8 12. Nbd2 Bf8 13. Bg5 h6 14. Bh4 Nb8 15.
Nf1 Nbd7 16. N3d2 c5 17. d5 Qc7 18. f3 Nh5 19. Ne3 c4 20. Ndf1 Nc5 21. Ng3 Nf4
22. Ne2 Nfd3 23. Bxd3 Nxd3 24. Rf1 Nxb2 25. Qd2 Nd3 26. Nc1 Nc5 27. Bf2 Be7 28.
Kh1 Bg5 29. Qc2 Rf8 30. Ng4 f5 31. Bxc5 Qxc5 32. Nf2 Be3 33. Nd1 Bxc1 34. Rxc1
fxe4 35. Qxe4 Bf5 36. Qh4 Bd3 37. Re1 Qxd5 38. Nf2 Qf7 39. Nxd3 cxd3 40. a3 d2
0-1

[Event "NAYCC U14 w"]
[Site "Kingston CAN"]
[Date "2019.08.16"]
[Round "1.149"]
[White "Wang, Sophia"]
[Black "Qiao, Joey"]
[Result "0-1"]
[WhiteElo "1151"]
[BlackElo "1681"]
[PlyCount "130"]
[EventDate "2019.08.16"]
[EventType "swiss"]
[EventRounds "9"]
[EventCountry "CAN"]

1. e4 e5 2. Nf3 Nc6 3. Bc4 Bc5 4. c3 Nf6 5. d4 exd4 6. cxd4 Bb4+ 7. Bd2 Bxd2+
8. Nbxd2 d5 9. exd5 Nxd5 10. Qe2+ Be6 11. O-O O-O 12. Rfe1 Re8 13. Qe4 Ndb4 14.
a3 Bxc4 15. Qxe8+ Qxe8 16. Rxe8+ Rxe8 17. Nxc4 Nc2 18. Rd1 N2xd4 19. Nxd4 Nxd4
20. f3 Rd8 21. Kf2 c5 22. Na5 b6 23. Nb3 Nc6 24. Re1 Kf8 25. Nc1 b5 26. Nb3 Rd5
27. Re2 c4 28. Nd2 Nd4 29. Re1 a5 30. Ne4 Nb3 31. Nc3 Rc5 32. Ne4 Rc6 33. Nc3
b4 34. axb4 axb4 35. Nd5 Nc5 36. Nxb4 Rb6 37. Nd5 Rxb2+ 38. Kg3 Nd3 39. Re4 Rc2
40. Nb6 f5 41. Rxc4 f4+ 42. Kh3 Re2 43. Rc8+ Kf7 44. Rc7+ Kg6 45. g3 Rf2 46.
Rd7 Rxf3 47. Nc4 Nf2+ 48. Kh4 Rc3 49. Ne5+ Kf5 50. Nf7 fxg3 51. hxg3 Rc4+ 52.
Kh5 Kf6 53. Nd6 Rc5+ 54. Kh4 Ke6 55. Nb7 Rc4+ 56. Kh5 Kxd7 57. g4 Rc1 58. Kg5
Ne4+ 59. Kf4 Nd6 60. g5 Nxb7 61. g6 hxg6 62. Kg5 Ke6 63. Kxg6 Rg1+ 64. Kh7 Kf7
65. Kh8 Rh1# 0-1

[Event "NAYCC U14 w"]
[Site "Kingston CAN"]
[Date "2019.08.16"]
[Round "1.150"]
[White "Changkachith, Alyssa"]
[Black "Lucero, Amalie"]
[Result "1-0"]
[WhiteElo "1518"]
[BlackElo "1051"]
[PlyCount "137"]
[EventDate "2019.08.16"]
[EventType "swiss"]
[EventRounds "9"]
[EventCountry "CAN"]

1. Nf3 d5 2. g3 Nc6 3. Bg2 e5 4. d3 Bf5 5. O-O Nf6 6. Nbd2 Qd7 7. e4 dxe4 8.
dxe4 Bh3 9. Qe2 Rg8 10. Nc4 Nd4 11. Nxd4 Bxg2 12. Kxg2 Qxd4 13. Rd1 Qxe4+ 14.
Qxe4 Nxe4 15. Nxe5 Bd6 16. Re1 f5 17. f3 Nc5 18. Nc4+ Kd7 19. Rd1 Rad8 20. Bg5
Rde8 21. Bf4 Kc8 22. Bxd6 Re2+ 23. Kf1 Rxc2 24. Bxc5 Rxc4 25. Be7 Re8 26. Bh4
Rc2 27. Rd3 Rxh2 28. Rad1 b6 29. Rd8+ Rxd8 30. Rxd8+ Kb7 31. Rd7 Rxb2 32. Rxg7
Rxa2 33. Rxh7 a5 34. g4 fxg4 35. fxg4 a4 36. g5 Ra1+ 37. Kf2 Ra2+ 38. Kf3 Ra3+
39. Kg4 Ra1 40. g6 Rg1+ 41. Kf5 a3 42. Bf6 b5 43. g7 b4 44. Rh8 b3 45. g8=Q
Rxg8 46. Rxg8 Kc6 47. Rg3 b2 48. Bxb2 axb2 49. Rb3 Kd5 50. Rxb2 Kd4 51. Rb7 c5
52. Rd7+ Kc3 53. Ke4 Kb2 54. Rc7 Kb3 55. Rxc5 Kb4 56. Kd5 Kb3 57. Rc8 Kb4 58.
Rc7 Kb3 59. Kd4 Kb2 60. Kd3 Kb1 61. Kd2 Kb2 62. Rb7+ Ka3 63. Kc3 Ka4 64. Rb1
Ka5 65. Kc4 Ka6 66. Kc5 Ka7 67. Kc6 Ka8 68. Kc7 Ka7 69. Ra1# 1-0

[Event "NAYCC U14 w"]
[Site "Kingston CAN"]
[Date "2019.08.16"]
[Round "1.151"]
[White "Irfan, Zakia"]
[Black "Myrzaibraimova, Aibike"]
[Result "1-0"]
[WhiteElo "974"]
[BlackElo "1537"]
[PlyCount "127"]
[EventDate "2019.08.16"]
[EventType "swiss"]
[EventRounds "9"]
[EventCountry "CAN"]

1. d4 d5 2. Bf4 Nf6 3. e3 e6 4. Nf3 c5 5. c3 Nc6 6. Bb5 Qb6 7. Na3 a6 8. Bxc6+
bxc6 9. Rb1 cxd4 10. Nxd4 Be7 11. O-O Bxa3 12. bxa3 Qa5 13. Qb3 Qc5 14. Rfc1
O-O 15. c4 Bd7 16. cxd5 Qxd5 17. Qxd5 cxd5 18. Rc7 Rfe8 19. Bg5 Ne4 20. Bh4 Bc8
21. Nc6 Nc3 22. Ne7+ Rxe7 23. Rxc3 Re8 24. h3 f6 25. Rb4 e5 26. Rd3 Be6 27. f3
Rac8 28. Rd2 Rc3 29. Rb3 Rec8 30. Rb6 R3c6 31. Rdb2 Kf7 32. Rb7+ Kg6 33. a4 Rg8
34. a5 Rd8 35. R7b6 Rdd6 36. Rxc6 Rxc6 37. Rb6 Rxb6 38. axb6 Bc8 39. Kf2 Kf7
40. a4 Ke6 41. Ke2 Kd6 42. Kd3 Kc5 43. a5 Kb4 44. Be1+ Kb3 45. g4 g5 46. h4 h6
47. hxg5 hxg5 48. f4 Ka4 49. fxg5 fxg5 50. e4 Kb5 51. exd5 Kc5 52. Ke4 Kd6 53.
Bb4+ Kd7 54. Kxe5 Bb7 55. d6 Bc8 56. Kf6 Ke8 57. Kxg5 Kd8 58. Kh5 Bb7 59. g5
Bf3+ 60. Kh6 Be4 61. g6 Bxg6 62. Kxg6 Kd7 63. b7 Kc6 64. b8=Q 1-0

[Event "NAYCC U14 w"]
[Site "Kingston CAN"]
[Date "2019.08.16"]
[Round "1.152"]
[White "Guo, Hazel"]
[Black "Irfan, Sabia"]
[Result "1-0"]
[WhiteElo "1388"]
[BlackElo "874"]
[PlyCount "135"]
[EventDate "2019.08.16"]
[EventType "swiss"]
[EventRounds "9"]
[EventCountry "CAN"]

1. e4 e5 2. Nf3 Nc6 3. d4 d6 4. Bc4 f6 5. O-O Bg4 6. h3 Bxf3 7. Qxf3 Nxd4 8.
Qd3 Ne7 9. Be3 Nec6 10. c3 b5 11. Bd5 Ne7 12. Bxa8 Qxa8 13. cxd4 exd4 14. Bxd4
a6 15. Nd2 Nc6 16. Rac1 Nxd4 17. Qxd4 c5 18. Qe3 Be7 19. f4 O-O 20. Qd3 c4 21.
Qd5+ Qxd5 22. exd5 Bd8 23. b3 Bb6+ 24. Kh1 Be3 25. Rc2 c3 26. Ne4 b4 27. Nxd6
Rd8 28. Nc4 Bc5 29. d6 Bxd6 30. Rd1 Bc7 31. Rxd8+ Bxd8 32. g3 h6 33. Kg2 Kf7
34. Kf3 Ke6 35. Re2+ Kf7 36. Ke4 h5 37. Kd5 Kg6 38. Kc6 f5 39. a3 bxa3 40. Nxa3
Kf7 41. Nb1 Bf6 42. Rc2 g5 43. fxg5 Bxg5 44. Nxc3 h4 45. gxh4 Bxh4 46. Nd5 Kg6
47. Rg2+ Kf7 48. Kb6 Ke6 49. Nf4+ Kf6 50. Kxa6 Be1 51. b4 Kf7 52. b5 Bc3 53. b6
Be5 54. Nd3 Bd6 55. b7 Bb8 56. Nc5 Bd6 57. Nd7 Ke7 58. Rg7+ Ke6 59. b8=Q Bxb8
60. Nxb8 Kf6 61. Rg1 Ke5 62. h4 f4 63. h5 f3 64. h6 Ke4 65. h7 Ke3 66. h8=Q Ke2
67. Qe5+ Kf2 68. Qe1# 1-0

[Event "NAYCC U14 w"]
[Site "Kingston CAN"]
[Date "2019.08.16"]
[Round "2.142"]
[White "Changkachith, Alyssa"]
[Black "Ke, Rianne"]
[Result "0-1"]
[WhiteElo "1518"]
[BlackElo "2062"]
[PlyCount "88"]
[EventDate "2019.08.16"]
[EventType "swiss"]
[EventRounds "9"]
[EventCountry "CAN"]

1. Nf3 Nf6 2. g3 g6 3. Bg2 Bg7 4. O-O O-O 5. d3 d6 6. Nbd2 e5 7. e4 c6 8. c3
Qe7 9. Qc2 Na6 10. Ne1 Nh5 11. Nb3 f5 12. f4 Be6 13. Be3 Bh6 14. Qd2 exf4 15.
gxf4 fxe4 16. dxe4 Bc4 17. Rf2 Nf6 18. Rf3 Nxe4 19. Qc1 Bg7 20. Rh3 Be6 21. Rf3
Bg4 22. Rf1 Be2 23. Bxe4 Bxf1 24. Bxc6 bxc6 25. Kxf1 Rae8 26. Ng2 Nc7 27. Nd4
Nd5 28. Nxc6 Nxe3+ 29. Nxe3 Qxe3 30. Qxe3 Rxe3 31. Kf2 Re4 32. Nxa7 Rfxf4+ 33.
Kg2 Re2+ 34. Kg1 Rff2 35. Nb5 Bh6 36. Nd4 Rxb2 37. Re1 Rg2+ 38. Kh1 Rxh2+ 39.
Kg1 Rbg2+ 40. Kf1 Rxa2 41. Nf3 Rhf2+ 42. Kg1 Rxf3 43. c4 Be3+ 44. Kh1 Rh3# 0-1

[Event "NAYCC U14 w"]
[Site "Kingston CAN"]
[Date "2019.08.16"]
[Round "2.143"]
[White "Tsukerman, Julia"]
[Black "Guo, Hazel"]
[Result "1-0"]
[WhiteElo "1830"]
[BlackElo "1508"]
[PlyCount "135"]
[EventDate "2019.08.16"]
[EventType "swiss"]
[EventRounds "9"]
[EventCountry "CAN"]

1. e4 e6 2. d4 d5 3. e5 c5 4. c3 Nc6 5. Nf3 Qb6 6. Be2 Nh6 7. Bxh6 Qxb2 8. Be3
Qxa1 9. Qc2 cxd4 10. Nxd4 Ba3 11. Nb5 Qb2 12. N1xa3 Qxc2 13. Nxc2 O-O 14. Bc5
Rd8 15. Nc7 Rb8 16. Bd6 b6 17. Nd4 Bb7 18. f4 Rbc8 19. Kd2 Rd7 20. Na6 Rdd8 21.
Bb5 Na5 22. Be7 Re8 23. Bb4 Nc4+ 24. Kd3 Red8 25. Rc1 Nb2+ 26. Ke2 Nc4 27. Be7
Re8 28. Bh4 Rf8 29. Nb4 Rc7 30. Ba4 Rfc8 31. Nb5 Rc5 32. Nd3 Na5 33. Nxc5 Rxc5
34. Nd4 a6 35. Bf2 Rc8 36. Kd3 b5 37. Bd1 Nc4 38. Rb1 h6 39. a4 Rc7 40. axb5
axb5 41. Nxb5 Rd7 42. Bb3 Ba6 43. Bxc4 dxc4+ 44. Kxc4 Rd2 45. Bg3 Rxg2 46. Kc5
Bb7 47. Nd6 Bd5 48. c4 Rc2 49. Kb5 Bf3 50. c5 Rc3 51. Kb6 f6 52. Rb4 Bd5 53.
exf6 gxf6 54. Ne4 Bxe4 55. Rxe4 Kf7 56. c6 Ke7 57. Rd4 Rb3+ 58. Kc7 h5 59. Kc8
Rc3 60. c7 f5 61. Bh4+ Kf7 62. Kd7 Rh3 63. Bg5 Rxh2 64. c8=Q h4 65. Qe8+ Kg7
66. Ke7 h3 67. Qf7+ Kh8 68. Bf6# 1-0

[Event "NAYCC U14 w"]
[Site "Kingston CAN"]
[Date "2019.08.16"]
[Round "2.144"]
[White "Parikh, Ananya"]
[Black "Wisniowski, Natalie"]
[Result "1/2-1/2"]
[WhiteElo "1625"]
[BlackElo "1901"]
[PlyCount "105"]
[EventDate "2019.08.16"]
[EventType "swiss"]
[EventRounds "9"]
[EventCountry "CAN"]

1. e4 c6 2. Nc3 d5 3. Nf3 Bg4 4. h3 Bxf3 5. Qxf3 e6 6. Be2 g6 7. exd5 cxd5 8.
d4 Nc6 9. Be3 Bg7 10. O-O-O Nge7 11. g4 f5 12. Qg3 a6 13. f4 Qc7 14. g5 h5 15.
gxh6 Rxh6 16. h4 O-O-O 17. a3 b5 18. Kb1 Kb7 19. Qe1 Rdh8 20. Bf2 Qb6 21. Rh3
Bf6 22. Bxb5 axb5 23. Qxe6 Na7 24. Re1 Rf8 25. Qxb6+ Kxb6 26. Rxe7 Bxe7 27.
Nxd5+ Kc6 28. Nxe7+ Kd6 29. d5 Kxe7 30. Bxa7 Kd6 31. Bd4 Re8 32. Bg7 Rh7 33.
Bf6 Kxd5 34. Rg3 Re6 35. Bg5 Kc5 36. Rc3+ Kb6 37. Bd8+ Kb7 38. Rc5 Ka6 39. c4
bxc4 40. Rxc4 Rd7 41. Ra4+ Kb7 42. Rb4+ Ka7 43. Ra4+ Ra6 44. Rxa6+ Kxa6 45. Bf6
Rc7 46. Be5 Rc6 47. b3 Kb5 48. Kb2 Rc8 49. Bf6 Rc6 50. Be5 Rc8 51. Bf6 Rf8 52.
Be5 Rc8 53. Bf6 1/2-1/2

[Event "NAYCC U14 w"]
[Site "Kingston CAN"]
[Date "2019.08.16"]
[Round "2.145"]
[White "D'Souza, Carina"]
[Black "Cao, Joy"]
[Result "0-1"]
[WhiteElo "1273"]
[BlackElo "1905"]
[PlyCount "86"]
[EventDate "2019.08.16"]
[EventType "swiss"]
[EventRounds "9"]
[EventCountry "CAN"]

1. e4 c5 2. Nf3 d6 3. d4 cxd4 4. Nxd4 Nf6 5. Nc3 Nc6 6. Be2 g6 7. f3 Bg7 8. Be3
O-O 9. Qd2 a6 10. Nxc6 bxc6 11. Bh6 Rb8 12. Bxg7 Kxg7 13. b3 Qa5 14. Na4 Qe5
15. Qc3 Qxc3+ 16. Nxc3 d5 17. O-O-O Bb7 18. exd5 cxd5 19. Rd4 e5 20. Ra4 d4 21.
Nb1 Ra8 22. Bd3 Rfc8 23. Nd2 Bc6 24. Rxa6 Rxa6 25. Bxa6 Ra8 26. Bd3 Rxa2 27.
Kb1 Ra7 28. Kb2 Nd5 29. Be4 f5 30. Bxd5 Bxd5 31. Re1 e4 32. fxe4 fxe4 33. Re2
e3 34. Nf3 Bxf3 35. gxf3 Rf7 36. c3 Rxf3 37. cxd4 Rf2 38. Kc3 Rxe2 39. Kd3 Re1
40. b4 e2 41. b5 Rd1+ 42. Kxe2 Rxd4 43. b6 Rb4 0-1

[Event "NAYCC U14 w"]
[Site "Kingston CAN"]
[Date "2019.08.16"]
[Round "2.146"]
[White "Qiao, Joey"]
[Black "Irfan, Zakia"]
[Result "1-0"]
[WhiteElo "1681"]
[BlackElo "974"]
[PlyCount "137"]
[EventDate "2019.08.16"]
[EventType "swiss"]
[EventRounds "9"]
[EventCountry "CAN"]

1. e4 e5 2. Nf3 Nf6 3. Nc3 Nc6 4. Bb5 Bc5 5. d3 O-O 6. O-O d6 7. h3 Bd7 8. Bg5
h6 9. Bh4 Kh8 10. Nd5 Rg8 11. Bxf6 gxf6 12. Kh2 a6 13. Bc4 Be6 14. Nh4 Kh7 15.
f4 f5 16. Qh5 exf4 17. Nxf5 Qg5 18. Qxg5 Rxg5 19. Nxc7 Rag8 20. Nh4 Be3 21.
Bxe6 fxe6 22. Nxe6 Rb5 23. Rab1 Nb4 24. Nxf4 Bxf4+ 25. Rxf4 Nxc2 26. Rf2 Nd4
27. Rc1 Rgg5 28. Nf3 Nxf3+ 29. gxf3 Kg6 30. f4 Rgc5 31. Rxc5 Rxc5 32. Kg3 Kf6
33. Kf3 Rc1 34. d4 Rd1 35. e5+ dxe5 36. fxe5+ Ke6 37. Ke4 Re1+ 38. Kd3 Rd1+ 39.
Kc3 Kd5 40. Rf6 Rg1 41. Rd6+ Ke4 42. Rxh6 Rg3+ 43. Kc4 Rd3 44. Kc5 Rd2 45. e6
Rxb2 46. e7 Rc2+ 47. Kb6 Rc8 48. Kxb7 Re8 49. Rh7 Kxd4 50. Kc7 Kd5 51. Kd7 Ra8
52. Rh5+ Kc4 53. e8=Q Rxe8 54. Kxe8 Kb4 55. Kd7 a5 56. Kc6 a4 57. Rh4+ Ka3 58.
Rxa4+ Kxa4 59. h4 Ka3 60. h5 Kxa2 61. h6 Ka1 62. h7 Ka2 63. h8=Q Ka3 64. Qb8
Ka2 65. Qb4 Ka1 66. Kc5 Ka2 67. Kc4 Ka1 68. Kc3 Ka2 69. Qb2# 1-0

[Event "NAYCC U14 w"]
[Site "Kingston CAN"]
[Date "2019.08.16"]
[Round "2.147"]
[White "He, Jiaqi"]
[Black "Shen, Isamel"]
[Result "1/2-1/2"]
[WhiteElo "1483"]
[BlackElo "1542"]
[PlyCount "180"]
[EventDate "2019.08.16"]
[EventType "swiss"]
[EventRounds "9"]
[EventCountry "CAN"]

1. e4 e5 2. Nf3 Nc6 3. Bc4 Bc5 4. c3 Nf6 5. d4 exd4 6. cxd4 Bb4+ 7. Bd2 Bxd2+
8. Nbxd2 d5 9. exd5 Nxd5 10. O-O O-O 11. Re1 Nce7 12. Ne4 c6 13. Qd2 Kh8 14.
Nc3 Bg4 15. Ne5 Bf5 16. a3 Qd6 17. Ne4 Qd8 18. Ng3 Be6 19. Rac1 Nf5 20. Ne4 Nc7
21. Red1 Qh4 22. Nc5 Nd6 23. Nxe6 fxe6 24. Nf3 Qf6 25. Qg5 Qf7 26. Bb3 Nd5 27.
Re1 Nf4 28. Rcd1 Nh3+ 29. gxh3 Qxf3 30. Qg3 Rae8 31. Qxf3 Rxf3 32. Bxe6 Ref8
33. Rd2 R3f4 34. Ree2 Nb5 35. Bg4 Nxd4 36. Re3 h6 37. Kg2 R8f7 38. Red3 c5 39.
Rc3 b6 40. b4 Rc7 41. Kg3 Rff7 42. Bh5 Rfe7 43. bxc5 bxc5 44. Rc4 Kh7 45. Bg4
g6 46. Rd3 h5 47. Bf3 Rf7 48. Rdc3 Kh6 49. Rd3 g5 50. Kg2 Kg7 51. Rdc3 Ne6 52.
Kg1 Nd4 53. Bxh5 Rfe7 54. Rxc5 Rxc5 55. Rxc5 Kh6 56. Bg4 Ne2+ 57. Kf1 Nf4 58.
Rc6+ Kg7 59. Rd6 Rc7 60. Rd7+ Rxd7 61. Bxd7 Kf6 62. Ke1 Ke7 63. Bg4 Kd6 64. Kd2
Kd5 65. f3 Kd4 66. Bf5 Ke5 67. Bc8 Kd4 68. a4 a5 69. Bd7 Nd5 70. Ke2 Nf6 71.
Bb5 Nh5 72. Kf2 Kd5 73. Be8 Nf6 74. Bf7+ Ke5 75. Kg3 Kf5 76. h4 gxh4+ 77. Kxh4
Kf4 78. h3 Kxf3 79. Kg5 Ne4+ 80. Kg6 Kg3 81. Kf5 Nd6+ 82. Ke6 Nxf7 83. Kxf7
Kxh3 84. Ke6 Kg4 85. Kd6 Kf5 86. Kc5 Ke6 87. Kc6 Ke7 88. Kb6 Kd7 89. Kxa5 Kc7
90. Ka6 Kb8 1/2-1/2

[Event "NAYCC U14 w"]
[Site "Kingston CAN"]
[Date "2019.08.16"]
[Round "2.148"]
[White "Myrzaibraimova, Aibike"]
[Black "Szeto, Sophie"]
[Result "0-1"]
[WhiteElo "1537"]
[BlackElo "1401"]
[PlyCount "76"]
[EventDate "2019.08.16"]
[EventType "swiss"]
[EventRounds "9"]
[EventCountry "CAN"]

1. e4 c5 2. Nf3 d6 3. d4 cxd4 4. Nxd4 Nf6 5. Nc3 g6 6. f3 Bg7 7. Be3 O-O 8. Qd2
Nc6 9. Bc4 Bd7 10. g4 Ne5 11. Bb3 Rc8 12. O-O-O Nc4 13. Bxc4 Rxc4 14. h4 Qa5
15. h5 b5 16. Nb3 Qc7 17. hxg6 fxg6 18. Rh2 Rc8 19. Rdh1 a5 20. Na1 e6 21. Bg5
b4 22. Nd1 a4 23. Ne3 Rc6 24. Qxb4 Rb6 25. Qd2 Qc5 26. Bxf6 Bxf6 27. Nd1 a3 28.
Nb3 Rxb3 29. Kb1 Rxb2+ 30. Nxb2 Qb6 31. c4 Bxb2 32. Qh6 Bg7+ 33. Kc2 Bxh6 34.
Rxh6 Rxc4+ 35. Kd2 Qd4+ 36. Ke2 Rc2+ 37. Ke1 Qd2+ 38. Kf1 Qf2# 0-1

[Event "NAYCC U14 w"]
[Site "Kingston CAN"]
[Date "2019.08.16"]
[Round "2.149"]
[White "Bilodeau-Savaria, Sandy-Rose"]
[Black "Liao, Yilin"]
[Result "1-0"]
[WhiteElo "1436"]
[BlackElo "1485"]
[PlyCount "95"]
[EventDate "2019.08.16"]
[EventType "swiss"]
[EventRounds "9"]
[EventCountry "CAN"]

1. d4 d5 2. c4 dxc4 3. Nf3 Nf6 4. Nc3 Bf5 5. Bg5 e6 6. e3 h6 7. Bh4 Be7 8. Bxc4
O-O 9. O-O Nc6 10. a3 Nh7 11. Bg3 Ng5 12. Nxg5 Bxg5 13. Re1 Bg6 14. Nb5 a6 15.
Nxc7 Rc8 16. Nxe6 fxe6 17. Bxe6+ Kh8 18. Bxc8 Qxc8 19. Rc1 Qf5 20. Rc5 Qf6 21.
Qb3 Bh4 22. Bxh4 Qxh4 23. Rf1 Be4 24. Qd1 Rf6 25. Rh5 Rg6 26. g3 Qf6 27. Rc5
Bf3 28. Qd3 Ne7 29. e4 Qf7 30. d5 Rf6 31. d6 b6 32. dxe7 bxc5 33. Qd8+ Kh7 34.
e8=Q Qb7 35. Qh8+ Kg6 36. Qde8+ Kg5 37. h4+ Kg4 38. Qc8+ Qxc8 39. Qxc8+ Kh5 40.
Qxc5+ Kg6 41. e5 Rf7 42. Re1 Kh7 43. e6 Rf6 44. e7 Rf7 45. e8=Q Rf6 46. Qc2+ g6
47. Re7+ Rf7 48. Rxf7# 1-0

[Event "NAYCC U14 w"]
[Site "Kingston CAN"]
[Date "2019.08.16"]
[Round "2.150"]
[White "Lucero, Amalie"]
[Black "Sandoval Rivera, Alejandra"]
[Result "0-1"]
[WhiteElo "1051"]
[BlackElo "1530"]
[PlyCount "98"]
[EventDate "2019.08.16"]
[EventType "swiss"]
[EventRounds "9"]
[EventCountry "CAN"]

1. e4 Nf6 2. e5 Nd5 3. d4 d6 4. Bc4 Nb6 5. Be2 Nc6 6. Nf3 Bg4 7. Bf4 dxe5 8.
dxe5 Qxd1+ 9. Bxd1 e6 10. h3 Bf5 11. O-O Bc5 12. Nc3 Nb4 13. Rc1 Nc4 14. b3 Nb2
15. Nh4 Nxd1 16. Nxf5 Nxc3 17. Nxg7+ Kf8 18. Rce1 Kxg7 19. Bd2 Nxc2 20. Rc1
Ne2+ 21. Kh1 Nxc1 22. Rxc1 Bb4 23. Bf4 Nd4 24. Rxc7 Ne2 25. Be3 Bc3 26. Rxb7
Bxe5 27. Rb5 Bf4 28. Bc5 Rhd8 29. g3 Bc7 30. Ba3 Rd1+ 31. Kg2 Bb6 32. Re5 Nc1
33. Re4 Rd2 34. Bxc1 Rxf2+ 35. Kh1 Rf1+ 36. Kg2 Rxc1 37. Rg4+ Kf6 38. Rf4+ Ke7
39. h4 Rg1+ 40. Kh3 Bc7 41. Rf3 Rg8 42. Rc3 R1xg3+ 43. Rxg3 Rxg3+ 44. Kh2 f5
45. a4 f4 46. b4 f3 47. a5 f2 48. b5 f1=Q 49. b6 Qg2# 0-1

[Event "NAYCC U14 w"]
[Site "Kingston CAN"]
[Date "2019.08.16"]
[Round "2.151"]
[White "Xie, Joanna"]
[Black "Wang, Sophia"]
[Result "1-0"]
[WhiteElo "1487"]
[BlackElo "1151"]
[PlyCount "141"]
[EventDate "2019.08.16"]
[EventType "swiss"]
[EventRounds "9"]
[EventCountry "CAN"]

1. e4 e6 2. d4 d5 3. Nd2 dxe4 4. Nxe4 Nd7 5. Be3 Ngf6 6. Bd3 Be7 7. Nf3 O-O 8.
Nxf6+ Nxf6 9. c3 b6 10. O-O Bb7 11. Bc2 Ne4 12. Ne5 f6 13. Nf3 f5 14. Ne5 Bf6
15. f3 Bg5 16. Bxg5 Nxg5 17. Qd3 Rc8 18. Rfe1 c5 19. dxc5 Qxd3 20. Nxd3 bxc5
21. h4 Nf7 22. Rxe6 c4 23. Ne5 Nxe5 24. Rxe5 Rce8 25. Rxf5 Re2 26. Rxf8+ Kxf8
27. Rc1 g6 28. b3 Bd5 29. bxc4 Bxc4 30. Bb3 Bxb3 31. axb3 Rb2 32. b4 Ke7 33.
Ra1 Rc2 34. Rxa7+ Kf6 35. Rc7 Kf5 36. c4 Kf4 37. Kh2 Ke5 38. c5 Rb2 39. Rb7 Kd5
40. Rb6 Rc2 41. c6 Rc4 42. Kg3 Kd6 43. b5 Kc7 44. Rb7+ Kc8 45. Rxh7 Rb4 46. Rb7
Rc4 47. b6 Rxc6 48. Rc7+ Rxc7 49. bxc7 Kxc7 50. Kg4 Kd7 51. Kg5 Ke6 52. Kxg6
Ke5 53. h5 Kf4 54. h6 Kg3 55. h7 Kxg2 56. f4 Kg3 57. f5 Kg4 58. f6 Kf4 59. f7
Kg4 60. f8=Q Kg3 61. h8=R Kg4 62. Qf5+ Kg3 63. Re8 Kh4 64. Re4+ Kg3 65. Qf4+
Kg2 66. Re2+ Kh3 67. Re3+ Kg2 68. Qf3+ Kg1 69. Re1+ Kh2 70. Re2+ Kg1 71. Qg2#
1-0

[Event "NAYCC U14 w"]
[Site "Kingston CAN"]
[Date "2019.08.16"]
[Round "2.152"]
[White "Irfan, Sabia"]
[Black "Iver, Mantra"]
[Result "0-1"]
[WhiteElo "874"]
[BlackElo "1708"]
[PlyCount "102"]
[EventDate "2019.08.16"]
[EventType "swiss"]
[EventRounds "9"]
[EventCountry "CAN"]

1. d4 d5 2. Bf4 c6 3. Nf3 Nf6 4. e3 Bg4 5. c4 e6 6. h3 Bxf3 7. Qxf3 Bb4+ 8. Nc3
Ne4 9. Rc1 Qa5 10. Be2 Nxc3 11. O-O Nxe2+ 12. Qxe2 O-O 13. c5 Qd8 14. Qg4 Nd7
15. Bd6 Re8 16. a3 Ba5 17. Qg3 Rc8 18. h4 Bc7 19. Bxc7 Qxc7 20. h5 Qxg3 21.
fxg3 Nf6 22. h6 Ng4 23. hxg7 Kxg7 24. Rc3 e5 25. Rd3 exd4 26. exd4 Re2 27. Rb1
Rce8 28. Rdd1 Rc2 29. Re1 Rxe1+ 30. Rxe1 Rxb2 31. Ra1 Rd2 32. Kf1 Ne3+ 33. Ke1
Rxg2 34. Rc1 Rg1+ 35. Kd2 Nc4+ 36. Kc2 Nxa3+ 37. Kb2 Rxc1 38. Kxc1 Nb5 39. Kc2
Nxd4+ 40. Kd3 Ne6 41. Ke3 Nxc5 42. Kd4 a5 43. Kxc5 a4 44. Kb4 b5 45. Ka3 d4 46.
Kb4 d3 47. Kc3 a3 48. Kxd3 a2 49. Ke4 a1=Q 50. Kd3 b4 51. Kc4 Qc3# 0-1

[Event "NAYCC U14 w"]
[Site "Kingston CAN"]
[Date "2019.08.17"]
[Round "3.142"]
[White "Ke, Rianne"]
[Black "Qiao, Joey"]
[Result "1/2-1/2"]
[WhiteElo "2062"]
[BlackElo "1681"]
[PlyCount "75"]
[EventDate "2019.08.16"]
[EventType "swiss"]
[EventRounds "9"]
[EventCountry "CAN"]

1. e4 e5 2. Nf3 Nc6 3. Bb5 a6 4. Ba4 Nf6 5. O-O Be7 6. Re1 b5 7. Bb3 d6 8. c3
O-O 9. h3 Nb8 10. d4 Nbd7 11. Nbd2 Bb7 12. Bc2 Re8 13. Nf1 Bf8 14. Ng3 g6 15.
Bg5 Bg7 16. a4 c6 17. Qd2 Qc7 18. Bh6 Bh8 19. Bb3 c5 20. d5 c4 21. Bc2 Nc5 22.
axb5 axb5 23. Qg5 Rxa1 24. Rxa1 Bc8 25. Nh4 Qd8 26. Nhf5 Bxf5 27. Nxf5 Nxd5 28.
Qxd8 Rxd8 29. exd5 gxf5 30. Bxf5 Bf6 31. Ra5 Rb8 32. Be3 Bd8 33. Ra1 Bb6 34.
Kf1 Kg7 35. Ke2 Na4 36. Ra2 Nc5 37. Kf3 Re8 38. Ke2 1/2-1/2

[Event "NAYCC U14 w"]
[Site "Kingston CAN"]
[Date "2019.08.17"]
[Round "3.143"]
[White "Cao, Joy"]
[Black "Tsukerman, Julia"]
[Result "1-0"]
[WhiteElo "1905"]
[BlackElo "1830"]
[PlyCount "57"]
[EventDate "2019.08.16"]
[EventType "swiss"]
[EventRounds "9"]
[EventCountry "CAN"]

1. e4 c5 2. Nf3 d6 3. Bb5+ Bd7 4. Bxd7+ Qxd7 5. O-O Nc6 6. c3 Nf6 7. d4 cxd4 8.
cxd4 Nxe4 9. d5 Ne5 10. Re1 Nf6 11. Nxe5 dxe5 12. Rxe5 e6 13. Nc3 O-O-O 14. Bg5
Bd6 15. Re2 e5 16. Ne4 Qf5 17. Rc1+ Kb8 18. Qe1 Rhe8 19. Re3 Be7 20. d6 Bxd6
21. Bxf6 gxf6 22. Rf3 Qe6 23. Rxf6 Qe7 24. Qd1 Bc7 25. Qf3 Rf8 26. Ng5 Rd7 27.
Ne6 Rc8 28. Nc5 Bd8 29. Na6+ 1-0

[Event "NAYCC U14 w"]
[Site "Kingston CAN"]
[Date "2019.08.17"]
[Round "3.144"]
[White "Szeto, Sophie"]
[Black "Parikh, Ananya"]
[Result "0-1"]
[WhiteElo "1401"]
[BlackElo "1625"]
[PlyCount "108"]
[EventDate "2019.08.16"]
[EventType "swiss"]
[EventRounds "9"]
[EventCountry "CAN"]

1. e4 c5 2. Nf3 e6 3. d4 cxd4 4. Nxd4 a6 5. c4 Nf6 6. Nc3 Bb4 7. f3 Qc7 8. Be2
Nc6 9. Nxc6 dxc6 10. O-O O-O 11. Bg5 Qe5 12. Be3 Bxc3 13. bxc3 Qxc3 14. Bd4 Qa5
15. Bxf6 gxf6 16. Qd4 e5 17. Qe3 Rd8 18. Rfd1 Rxd1+ 19. Rxd1 Be6 20. f4 Rd8 21.
Rxd8+ Qxd8 22. fxe5 fxe5 23. Qg3+ Kf8 24. Qxe5 Qd2 25. Qb8+ Kg7 26. Qg3+ Kf6
27. e5+ Ke7 28. Qa3+ Ke8 29. Kf1 Bxc4 30. Bxc4 Qf4+ 31. Ke1 Qxc4 32. Qd6 Qe4+
33. Kf2 Qf5+ 34. Ke2 Qd7 35. Qf6 Qe6 36. Qxe6+ fxe6 37. Kd3 Kf7 38. g4 Kg6 39.
h4 b6 40. Ke4 c5 41. Kd3 h5 42. g5 Kf5 43. Kc4 Kxe5 44. a4 Kd6 45. Kd3 b5 46.
a5 e5 47. Kc3 c4 48. Kd2 b4 49. Kc2 e4 50. g6 Ke6 51. g7 Kf7 52. g8=Q+ Kxg8 53.
Kd2 b3 54. Kc1 c3 0-1

[Event "NAYCC U14 w"]
[Site "Kingston CAN"]
[Date "2019.08.17"]
[Round "3.145"]
[White "Wisniowski, Natalie"]
[Black "He, Jiaqi"]
[Result "1-0"]
[WhiteElo "1901"]
[BlackElo "1483"]
[PlyCount "59"]
[EventDate "2019.08.16"]
[EventType "swiss"]
[EventRounds "9"]
[EventCountry "CAN"]

1. d4 Nf6 2. c4 g6 3. Nf3 Bg7 4. g3 d6 5. Bg2 O-O 6. O-O Re8 7. Nc3 c5 8. dxc5
dxc5 9. Ne5 Nbd7 10. Nd3 Ng4 11. Qb3 Rb8 12. h3 Nge5 13. Bf4 b6 14. Rad1 f6 15.
Rd2 Bb7 16. Rfd1 Qc8 17. Nb5 Bxg2 18. Kxg2 a6 19. Nc3 Qc6+ 20. f3 b5 21. cxb5+
c4 22. bxc6 cxb3 23. cxd7 Red8 24. Bxe5 fxe5 25. Nc5 Rb6 26. Nxb3 Bf8 27. Rd5
Rd6 28. Ne4 Rxd5 29. Rxd5 h6 30. Nbc5 1-0